Post-secular faith : (Record no. 768)

000 -LEADER
fixed length control field pam a22 a 4500
003 - CONTROL NUMBER IDENTIFIER
control field AKMAL
005 - DATE AND TIME OF LATEST TRANSACTION
control field 20170505094119.0
008 - FIXED-LENGTH DATA ELEMENTS--GENERAL INFORMATION
fixed length control field 170505t2008 my e a000 0 eng d
020 ## - INTERNATIONAL STANDARD BOOK NUMBER
International Standard Book Number 9789838613767 (pbk.) :
Terms of availability RM10.00
040 ## - CATALOGING SOURCE
Original cataloging agency AKMAL
082 04 - DEWEY DECIMAL CLASSIFICATION NUMBER
Classification number 211.6 DAL
Edition number 22
090 00 - LOCALLY ASSIGNED LC-TYPE CALL NUMBER (OCLC); LOCAL CALL NUMBER (RLIN)
Classification number (OCLC) (R) ; Classification number, CALL (RLIN) (NR) 211.6
Local cutter number (OCLC) ; Book number/undivided call number, CALL (RLIN) DAL
100 1# - MAIN ENTRY--PERSONAL NAME
Personal name Dallmayr, Fred
9 (RLIN) 1668
245 10 - TITLE STATEMENT
Title Post-secular faith :
Remainder of title toward a religion of service /
Statement of responsibility, etc. Fred Dallmayr
260 ## - PUBLICATION, DISTRIBUTION, ETC.
Place of publication, distribution, etc. Pulau Pinang :
Name of publisher, distributor, etc. Penerbit Universiti Sains Malaysia,
Date of publication, distribution, etc. 2008
300 ## - PHYSICAL DESCRIPTION
Extent 24p. ;
Dimensions 22cm.
490 1# - SERIES STATEMENT
Series statement Religion in a globalising world series
504 ## - BIBLIOGRAPHY, ETC. NOTE
Bibliography, etc. note Includes bibliographical references
650 10 - SUBJECT ADDED ENTRY--TOPICAL TERM
Topical term or geographic name entry element Secular humanism
9 (RLIN) 1669
650 20 - SUBJECT ADDED ENTRY--TOPICAL TERM
Topical term or geographic name entry element Humanism
9 (RLIN) 1670
830 #0 - SERIES ADDED ENTRY--UNIFORM TITLE
Uniform title Religion in a globalising world series
9 (RLIN) 1671
942 ## - ADDED ENTRY ELEMENTS (KOHA)
Source of classification or shelving scheme
Koha item type Book
Holdings
Withdrawn status Lost status Source of classification or shelving scheme Damaged status Not for loan Collection code Home library Current library Shelving location Date acquired Inventory number Total Checkouts Full call number Barcode Date last seen Price effective from Koha item type
          NON-FICTION AKMAL Melaka AKMAL Melaka PINJAMAN 05.05.2017 200971   211.6 DAL 201701688 05.05.2017 05.05.2017 Book
Pusat Sumber Maklumat Dato' Haji Sarmin Md Hussin, Akademi Kastam Diraja Malaysia, Melaka
Tel: 06-2331106 | Faks: 06-2313787